Summer Olympics - Medalists in Handball - Statistics

General Stats
  • This quiz has been taken 185 times
  • The average score is 16 of 24
Answer Stats
Olympic Teams % Correct
France
96%
Germany
93%
Sweden
91%
Denmark
90%
Spain
90%
Russia
88%
Norway
87%
Croatia
78%
Soviet Union
76%
Hungary
74%
Poland
73%
Yugoslavia
69%
Austria
67%
Romania
67%
South Korea
67%
Iceland
61%
East Germany
60%
Czechoslovakia
58%
Switzerland
58%
West Germany
56%
China
53%
Ukraine
44%
Montenegro
34%
Unified Team
15%
No matching quizzes found
Score Distribution
Percent of People with Each Score
Percentile by Number Answered
Your Score History
You have not taken this quiz